000
00286nam a2200133Ia 4500
100
_a
Andleigh/ Thakrar
942
_c
BK
654
_a
multimedia
245
_a
Multimedia systems design
260
_b
Prentice Hall
_c
2003
082
_a
4.65
_b
AND
300
_a
654
546
_a
ENGLISH
999
_c
32464
_d
32464